Βόλλεϋ μπώλ : τεχνική και ταχτική
Αποθηκεύτηκε σε:
| Κύριος συγγραφέας: | |
|---|---|
| Άλλοι συγγραφείς: | , |
| Μορφή: | Βιβλίο |
| Γλώσσα: | Greek |
| Δημοσίευση: |
Θεσσαλονίκη :
Ποσειδώνας,
1978
|
| Θέματα: | |
| Ετικέτες: |
Προσθήκη ετικέτας
Δεν υπάρχουν, Καταχωρήστε ετικέτα πρώτοι!
|
MARC
| LEADER | 00000nam a2200000 i 4500 | ||
|---|---|---|---|
| 001 | 1/21195 | ||
| 008 | 961001s1978 gre d | ||
| 035 | |a 1993 |b 1 |c Μικιόζος |l 10036236 | ||
| 040 | |a GR-MY-UA |b gre |e aacr | ||
| 041 | 0 | |a gre | |
| 082 | 0 | |a 796.325 | |
| 100 | 1 | |a Ζαχάριεφ, Ντίμιταρ. | |
| 245 | 1 | 0 | |a Βόλλεϋ μπώλ : |b τεχνική και ταχτική / |c Ντίμιταρ Ζαχάριεφ, Μίτκο Ντιμιτρόφ, Ανατόλιι Εινκορν |
| 260 | |a Θεσσαλονίκη : |b Ποσειδώνας, |c 1978 | ||
| 300 | |a 106 σ. |b εικ. | ||
| 650 | 0 | 0 | |a Volleyball. |
| 700 | 1 | |a Ντιμιτρόφ, Μίτκο. | |
| 700 | 1 | |a Εινκορν, Ανατολιι. | |
| 852 | |a INST |b RHODES |e 19961001 |h 796.325 ΖΑΧ |p 005400009637 |q 005400009637 |t BK |y 0 | ||
| 909 | |a Ρ |b 026092 |c 1993 | ||
| 970 | |z 2000/07/ΚΑΤΕΡΙΝΑ | ||